[Event "55th Groningen Open 2017"]
[Site "Groningen NED"]
[Date "2017.12.27"]
[Round "6.10"]
[White "Van Foreest, Lucas"]
[Black "Pel, Bonno"]
[Result "1-0"]
[WhiteTitle "IM"]
[BlackTitle "FM"]
[WhiteElo "2481"]
[BlackElo "2247"]
[WhiteFideId "1039792"]
[BlackFideId "1004760"]
[EventDate "2017.12.22"]

1. e4 d6 2. d4 g6 3. Nc3 Nf6 4. Be3 c6 5. f3 b5 6. h4 h5 7. Nh3 b4 8. Ne2 Bxh3
9. Rxh3 Nbd7 10. Qd2 a5 11. Rh1 Nb6 12. Nf4 e6 13. Bd3 Be7 14. O-O-O Qc7 15. Qf2
Rb8 16. Qg3 Rg8 17. Kb1 Na4 18. Ne2 Nd7 19. b3 Nab6 20. Nf4 Nf6 21. Qh3 Nbd7 22.
g4 c5 23. g5 Nh7 24. Rhe1 Nhf8 25. d5 e5 26. Ng2 Nb6 27. Bb5+ Nfd7 28. f4 exf4
29. Nxf4 Kd8 30. Bc1 Ne5 31. Bb2 Qc8 32. Qf1 Nbd7 33. Ne6+ fxe6 34. dxe6 Rf8 35.
Qe2 Rxb5 36. Qxb5 Qc6 37. Qxa5+ Nb6 38. Bxe5 Kc8 39. Qa6+ Kb8 40. Bf6 Re8 41.
Rf1 1-0

[Event "55th Groningen Open 2017"]
[Site "Groningen NED"]
[Date "2017.12.27"]
[Round "6.11"]
[White "Abbas, Daniel"]
[Black "Lubbe, Nikolas"]
[Result "0-1"]
[WhiteTitle "FM"]
[BlackTitle "IM"]
[WhiteElo "2319"]
[BlackElo "2474"]
[WhiteFideId "423831"]
[BlackFideId "4694031"]
[EventDate "2017.12.22"]

1. e4 c5 2. Nf3 Nc6 3. Bb5 g6 4. Bxc6 bxc6 5. O-O Bg7 6. Re1 Nh6 7. c3 O-O 8. d4
cxd4 9. cxd4 f6 10. Nc3 d6 11. Qa4 Bd7 12. Be3 Nf7 13. Qa6 Qb6 14. Qc4 a5 15. b3
Qa6 16. Rab1 Rfb8 17. Na4 Rb4 18. Qxa6 Rxa6 19. Bd2 Rb8 20. Bc3 e5 21. dxe5 fxe5
22. Nd2 Rb5 23. Nc4 Bf8 24. Na3 Rb7 25. Nc4 Rba7 26. Red1 Be6 27. Bb2 c5 28. f3
Be7 29. Nab6 Rb7 30. Nd5 Bxd5 31. Rxd5 a4 32. Bc3 axb3 33. axb3 Ng5 34. Na5 Rb5
35. Nc4 Ne6 36. Rb2 Nd4 37. b4 Ra1+ 38. Kf2 Rc1 39. Bxd4 exd4 40. Nxd6 Rxb4 41.
Ra2 Rb8 42. Ra7 Bh4+ 43. g3 Rb2# 0-1

[Event "55th Groningen Open 2017"]
[Site "Groningen NED"]
[Date "2017.12.27"]
[Round "6.12"]
[White "Zelbel, Patrick"]
[Black "Van Ketel, Raoul"]
[Result "1-0"]
[WhiteTitle "IM"]
[BlackTitle "FM"]
[WhiteElo "2456"]
[BlackElo "2214"]
[WhiteFideId "24624322"]
[BlackFideId "1004883"]
[EventDate "2017.12.22"]

1. e4 e6 2. d4 d5 3. Nd2 Nf6 4. e5 Nfd7 5. Bd3 c5 6. c3 Nc6 7. Ne2 Qb6 8. Nf3
cxd4 9. cxd4 f6 10. exf6 Nxf6 11. O-O Bd6 12. Bf4 Bxf4 13. Nxf4 O-O 14. Qd2 Qb4
15. Qxb4 Nxb4 16. Bb5 a6 17. Be2 Ne4 18. Nd3 Nxd3 19. Bxd3 Bd7 20. Bxe4 dxe4 21.
Ng5 Bc6 22. Rfe1 Rfd8 23. Rad1 Rd7 24. Nxe6 Rd6 25. Nc5 Rad8 26. Nxe4 Rxd4 27.
Nc3 Kf7 28. f3 Rd2 29. Rxd2 Rxd2 30. Re2 Rd3 31. Kf2 h6 32. Ke1 Rd7 33. Rd2 Re7+
34. Kf2 Re6 35. a3 Re5 36. Re2 Rc5 37. Ke3 Bd7 38. Kd4 Rc6 39. Ne4 Be6 40. Nc5
Rd6+ 41. Ke3 Bc8 42. Rc2 Bf5 43. Nxb7 Rd3+ 44. Kf4 Rxf3+ 45. Kxf3 Bxc2 46. Nc5
a5 47. Nb7 a4 48. Nc5 Kf6 49. Ke3 Kg5 50. Kd2 Bg6 51. Nxa4 Be4 52. g3 Kg4 53.
Nc5 Bd5 54. Nd3 g5 55. Ne5+ Kh3 56. g4 Kxh2 57. a4 Kg3 58. Ke3 Bb3 59. a5 Be6
60. b4 Bc8 61. b5 Bb7 62. a6 Bc8 63. Nf7 1-0

[Event "55th Groningen Open 2017"]
[Site "Groningen NED"]
[Date "2017.12.28"]
[Round "7.1"]
[White "Postny, Evgeny"]
[Black "Plat, Vojtech"]
[Result "1/2-1/2"]
[WhiteTitle "GM"]
[BlackTitle "GM"]
[WhiteElo "2581"]
[BlackElo "2567"]
[WhiteFideId "2804344"]
[BlackFideId "325740"]
[EventDate "2017.12.22"]

1. d4 Nf6 2. c4 g6 3. Nc3 d5 4. Bf4 Bg7 5. e3 O-O 6. cxd5 Nxd5 7. Nxd5 Qxd5 8.
Bxc7 Na6 9. Bxa6 Qxg2 10. Qf3 Qxf3 11. Nxf3 bxa6 12. Rg1 Be6 13. b3 Rfc8 14. Rc1
a5 15. Ke2 a4 16. bxa4 Bxa2 17. a5 e6 18. Nd2 f5 19. Rc2 Bf8 20. Rgc1 Ba3 21.
Ra1 Bd6 22. Rac1 Ba3 23. Ra1 Bd6 24. Raxa2 Rxc7 25. Rxc7 Bxc7 26. a6 Rb8 27. Rc2
Bd8 28. Rc6 Kf7 29. Nc4 Ke7 30. Kd3 Rb1 31. f4 Ra1 32. Kc3 Bb6 33. Rc8 Bd8 34.
Rb8 Rxa6 35. Rb7+ Kf8 36. Rxh7 Bf6 37. Rb7 g5 1/2-1/2

[Event "55th Groningen Open 2017"]
[Site "Groningen NED"]
[Date "2017.12.28"]
[Round "7.2"]
[White "Rahul, Srivatshav P"]
[Black "Turov, Maxim"]
[Result "0-1"]
[BlackTitle "GM"]
[WhiteElo "2331"]
[BlackElo "2618"]
[WhiteFideId "25059653"]
[BlackFideId "4120086"]
[EventDate "2017.12.22"]

1. d4 Nf6 2. c4 e6 3. Nc3 Bb4 4. e3 O-O 5. Ne2 d5 6. a3 Be7 7. cxd5 exd5 8. Nf4
c6 9. Bd3 Bd6 10. O-O a5 11. Bd2 Na6 12. f3 Re8 13. Nfe2 c5 14. Qe1 Nc7 15. Qf2
b6 16. g4 Nd7 17. h4 Bb7 18. b3 cxd4 19. exd4 Nc5 20. Bc2 Ba6 21. Rfd1 N5e6 22.
Re1 Rc8 23. a4 Bb4 24. Rad1 b5 25. axb5 Nxb5 26. Bd3 Nxc3 27. Bxc3 Bxc3 28. Nxc3
Nf4 0-1

[Event "55th Groningen Open 2017"]
[Site "Groningen NED"]
[Date "2017.12.28"]
[Round "7.3"]
[White "Bok, Benjamin"]
[Black "Kryakvin, Dmitry"]
[Result "1-0"]
[WhiteTitle "GM"]
[BlackTitle "GM"]
[WhiteElo "2601"]
[BlackElo "2580"]
[WhiteFideId "1017063"]
[BlackFideId "4153278"]
[EventDate "2017.12.22"]

1. e4 c5 2. Nf3 d6 3. d4 cxd4 4. Nxd4 Nf6 5. Nc3 Nc6 6. Bg5 e6 7. Qd2 a6 8.
O-O-O Bd7 9. f4 Be7 10. Nf3 b5 11. e5 b4 12. exf6 bxc3 13. Qxc3 gxf6 14. Bh4 d5
15. Kb1 Na5 16. Qe3 Rb8 17. b3 Rg8 18. Be1 Qc7 19. g3 Nc4 20. Bxc4 dxc4 21. Bc3
a5 22. Ka1 cxb3 23. cxb3 a4 24. b4 Bc6 25. a3 Qb6 26. Bd4 Qb7 27. Rhf1 Rd8 28.
Nd2 f5 29. Nb1 Qb5 30. Bb2 Rc8 31. Rc1 Qa6 32. Rfd1 h5 33. Rd3 Be4 34. Rdc3 Rd8
35. Rc7 Qd6 36. Qa7 f6 37. Nc3 Bd3 38. Rd1 Rg7 39. Rb7 Qc6 40. Rb6 Qd7 41. Rb7
Qd4 42. Qxd4 Rxd4 43. Nxa4 Rd5 44. Nc5 Be4 45. Re1 Kf7 46. Nxe4 fxe4 47. Rxe4 h4
48. f5 Rxf5 49. Rxh4 e5 50. a4 Ke6 51. Rh8 Rf2 52. a5 e4 53. a6 e3 54. a7 e2 55.
Bc3 Bxb4 56. Bxb4 Rxb7 57. a8=Q Rxb4 58. Qc6+ 1-0

[Event "55th Groningen Open 2017"]
[Site "Groningen NED"]
[Date "2017.12.28"]
[Round "7.4"]
[White "Kislinsky, Alexey"]
[Black "Tiviakov, Sergei"]
[Result "1-0"]
[WhiteTitle "GM"]
[BlackTitle "GM"]
[WhiteElo "2513"]
[BlackElo "2583"]
[WhiteFideId "14108801"]
[BlackFideId "1008013"]
[EventDate "2017.12.22"]

1. e4 c5 2. c3 d5 3. exd5 Qxd5 4. d4 Nf6 5. Nf3 e6 6. a3 Nc6 7. Be3 cxd4 8. cxd4
g6 9. Nc3 Qd6 10. Bc4 Bg7 11. Qd2 O-O 12. Bf4 Qd8 13. Rd1 Ne7 14. Bh6 b6 15.
Bxg7 Kxg7 16. O-O Bb7 17. Ne5 Rc8 18. Rfe1 Ned5 19. Ne2 Ne4 20. Qd3 Nd6 21. Ba2
Qg5 22. Ng3 Rfd8 23. f3 Nf4 24. Qd2 h6 25. Ng4 Nd5 26. Qf2 h5 27. Re5 Qe7 28.
Bxd5 Bxd5 29. Ne3 Bb3 30. Re1 h4 31. Ne4 h3 32. d5 Qc7 33. Ng5 exd5 34. Qh4 Rh8
35. Qd4 Nb5 36. Qf4 Rce8 37. Ng4 f5 38. Qb4 Rxe5 39. Rxe5 Qc1+ 40. Re1 Qxg5 41.
Re7+ Kg8 42. f4 Qxe7 43. Qxe7 fxg4 44. Qe8+ Kg7 45. Qxb5 Bc4 46. Qd7+ Kh6 47.
gxh3 Rf8 48. Qd6 Re8 49. hxg4 Kg7 50. f5 gxf5 51. gxf5 1-0

[Event "55th Groningen Open 2017"]
[Site "Groningen NED"]
[Date "2017.12.28"]
[Round "7.5"]
[White "Lubbe, Nikolas"]
[Black "Pruijssers, Roeland"]
[Result "0-1"]
[WhiteTitle "IM"]
[BlackTitle "GM"]
[WhiteElo "2474"]
[BlackElo "2543"]
[WhiteFideId "4694031"]
[BlackFideId "1013068"]
[EventDate "2017.12.22"]

1. e4 d5 2. exd5 Qxd5 3. Nc3 Qa5 4. d4 Nf6 5. Bc4 Bg4 6. f3 Bf5 7. Ne2 Nbd7 8.
Bd2 Qb6 9. a4 a5 10. Ra3 e6 11. Rb3 Bb4 12. O-O Nc5 13. Bb5+ c6 14. dxc5 Qxc5+
15. Kh1 cxb5 16. Nxb5 Bxc2 17. Bxb4 axb4 18. Qc1 Rc8 19. Re3 O-O 20. Nbd4 Bxa4
21. Qxc5 Rxc5 22. Ra1 Bd7 23. f4 Rfc8 24. Kg1 g6 25. Rb3 Nd5 26. Ra7 R8c7 27.
Kf2 Kg7 28. g3 h6 29. h4 h5 30. Rd3 Nf6 31. Rb3 Rc4 32. Ke3 Ng4+ 33. Kd3 e5 34.
fxe5 Nxe5+ 35. Ke3 Bg4 36. Ra5 Re7 37. Kf2 Bxe2 38. Nxe2 Ng4+ 39. Kf3 Rc2 0-1

[Event "55th Groningen Open 2017"]
[Site "Groningen NED"]
[Date "2017.12.28"]
[Round "7.6"]
[White "Anurag, Mhamal"]
[Black "Zelbel, Patrick"]
[Result "1-0"]
[WhiteTitle "GM"]
[BlackTitle "IM"]
[WhiteElo "2488"]
[BlackElo "2456"]
[WhiteFideId "5024366"]
[BlackFideId "24624322"]
[EventDate "2017.12.22"]

1. d4 Nf6 2. c4 e6 3. g3 c5 4. d5 exd5 5. cxd5 d6 6. Nc3 g6 7. Bg2 Bg7 8. Nf3
O-O 9. O-O Re8 10. Bf4 Ne4 11. Nxe4 Rxe4 12. Nd2 Rxf4 13. gxf4 Bxb2 14. Rb1 Bg7
15. e4 Nd7 16. Qf3 Bh6 17. Nc4 Nb6 18. Ne3 Qh4 19. f5 Bf4 20. Bh3 Be5 21. Kh1
Qf4 22. Qxf4 Bxf4 23. Ng2 Bh6 24. f4 gxf5 25. e5 Nxd5 26. exd6 b6 27. Rbd1 Bb7
28. Rfe1 Rd8 29. Bxf5 Rxd6 30. Be4 c4 31. Nh4 Bxf4 32. Nf5 Re6 33. Rg1+ Kf8 34.
Bxd5 Re2 35. Rg2 Re1+ 36. Rxe1 Bxd5 37. Rd1 1-0

[Event "55th Groningen Open 2017"]
[Site "Groningen NED"]
[Date "2017.12.28"]
[Round "7.7"]
[White "Kuipers, Stefan"]
[Black "Van Foreest, Lucas"]
[Result "1-0"]
[WhiteTitle "IM"]
[BlackTitle "IM"]
[WhiteElo "2440"]
[BlackElo "2481"]
[WhiteFideId "1018400"]
[BlackFideId "1039792"]
[EventDate "2017.12.22"]

1. e4 e5 2. Nf3 Nc6 3. Bc4 Bc5 4. c3 Nf6 5. d3 O-O 6. Bg5 h6 7. Bh4 Be7 8. Bg3
d6 9. a4 Qe8 10. Nbd2 Kh8 11. O-O Nh5 12. h3 Nxg3 13. fxg3 f5 14. exf5 Bxf5 15.
g4 Bg6 16. a5 Nd8 17. Qe2 Qd7 18. d4 exd4 19. cxd4 Nc6 20. a6 Bf6 21. Nb3 bxa6
22. Be6 Qd8 23. Qc4 Nb8 24. h4 Be7 25. g5 Nd7 26. Rae1 Nb6 27. Qc1 Kh7 28. Na5
Be8 29. gxh6 gxh6 30. Nb7 Qb8 31. Bf5+ 1-0

[Event "55th Groningen Open 2017"]
[Site "Groningen NED"]
[Date "2017.12.28"]
[Round "7.8"]
[White "Schoppen, Casper"]
[Black "Warmerdam, Max"]
[Result "1/2-1/2"]
[WhiteTitle "IM"]
[BlackTitle "FM"]
[WhiteElo "2395"]
[BlackElo "2356"]
[WhiteFideId "1046730"]
[BlackFideId "1048104"]
[EventDate "2017.12.22"]

1. d4 Nf6 2. c4 c5 3. d5 g6 4. Nc3 d6 5. e4 Bg7 6. Nf3 O-O 7. Bd3 e6 8. O-O Na6
9. h3 Nc7 10. Bg5 h6 11. Be3 exd5 12. exd5 b5 13. b3 b4 14. Ne2 Re8 15. Qc2 a5
16. Rae1 a4 17. Bd2 Bd7 18. Nf4 axb3 19. axb3 Ra3 20. Ne2 Nh7 1/2-1/2

[Event "55th Groningen Open 2017"]
[Site "Groningen NED"]
[Date "2017.12.28"]
[Round "7.9"]
[White "Ernst, Sipke"]
[Black "Wempe, Joost"]
[Result "1-0"]
[WhiteTitle "GM"]
[BlackTitle "FM"]
[WhiteElo "2532"]
[BlackElo "2314"]
[WhiteFideId "1004689"]
[BlackFideId "1005502"]
[EventDate "2017.12.22"]

1. c4 e6 2. g3 Nf6 3. Nf3 d5 4. b3 dxc4 5. bxc4 e5 6. Bb2 e4 7. Nh4 Nc6 8. Bxf6
Qxf6 9. Nc3 Qd4 10. e3 Qe5 11. Rb1 Bb4 12. Nd5 Be7 13. f4 Qd6 14. Qc2 f5 15. d3
O-O 16. dxe4 fxe4 17. Nxe7+ Qxe7 18. Be2 Bh3 19. Qc3 b6 20. Rb5 Rae8 21. a3 a6
22. Rh5 Qe6 23. g4 Ne7 24. Rg1 g6 25. Rg3 gxh5 26. gxh5+ Ng6 27. Nxg6 Rf6 28.
Ne5+ Kf8 29. Nd7+ Kf7 30. Nxf6 1-0

[Event "55th Groningen Open 2017"]
[Site "Groningen NED"]
[Date "2017.12.28"]
[Round "7.10"]
[White "Lubbe, Melanie"]
[Black "Beerdsen, Thomas"]
[Result "0-1"]
[WhiteTitle "WGM"]
[BlackTitle "IM"]
[WhiteElo "2345"]
[BlackElo "2419"]
[WhiteFideId "4690745"]
[BlackFideId "1030108"]
[EventDate "2017.12.22"]

1. e4 c5 2. Nf3 d6 3. d4 cxd4 4. Nxd4 Nf6 5. Nc3 a6 6. Be3 e6 7. Be2 Qc7 8. f4
b5 9. Bf3 Bb7 10. a3 Nbd7 11. Qe2 Be7 12. O-O h5 13. Kh1 Rc8 14. Bg1 g6 15. e5
dxe5 16. fxe5 Ng4 17. Bxb7 Qxb7 18. Nf3 h4 19. h3 Nh6 20. Rfd1 g5 21. Ne4 g4 22.
hxg4 Nxg4 23. Bd4 h3 24. gxh3 Nc5 25. Bxc5 Rxc5 26. Nxc5 Bxc5 27. Kg2 Ne3+ 28.
Kh2 Qe4 29. Rd2 Qf4+ 30. Kh1 Rxh3+ 31. Nh2 Qe4+ 0-1

[Event "55th Groningen Open 2017"]
[Site "Groningen NED"]
[Date "2017.12.28"]
[Round "7.11"]
[White "Maatman, Nick"]
[Black "De Jong, Migchiel"]
[Result "1/2-1/2"]
[WhiteTitle "FM"]
[BlackTitle "IM"]
[WhiteElo "2367"]
[BlackElo "2331"]
[WhiteFideId "1040391"]
[BlackFideId "1002848"]
[EventDate "2017.12.22"]

1. d4 e6 2. c4 Bb4+ 3. Nc3 c5 4. e3 Nf6 5. Ne2 d6 6. a3 Ba5 7. g3 Ne4 8. Qc2
Nxc3 9. Nxc3 Nc6 10. dxc5 dxc5 11. Bg2 O-O 12. O-O Bd7 13. b3 Qe7 14. Bb2 Rfd8
15. Rfd1 Be8 16. Ne4 f5 17. Nd2 Bh5 18. Nf3 Bc7 19. e4 f4 20. Rxd8+ 1/2-1/2

[Event "55th Groningen Open 2017"]
[Site "Groningen NED"]
[Date "2017.12.28"]
[Round "7.12"]
[White "Kathmale, Sameer"]
[Black "Abbas, Daniel"]
[Result "1-0"]
[WhiteTitle "IM"]
[BlackTitle "FM"]
[WhiteElo "2264"]
[BlackElo "2319"]
[WhiteFideId "5024498"]
[BlackFideId "423831"]
[EventDate "2017.12.22"]

1. e4 c5 2. Nf3 e6 3. d4 cxd4 4. Nxd4 a6 5. c4 Nf6 6. Nc3 Qc7 7. Be2 b6 8. f4 d6
9. f5 e5 10. Nb3 Bb7 11. Qd3 Nbd7 12. Qf3 Be7 13. g4 b5 14. cxb5 axb5 15. g5
Nxe4 16. Nxe4 d5 17. Ng3 O-O 18. f6 Bb4+ 19. Bd2 Bxd2+ 20. Nxd2 e4 21. Qf5 Rfe8
22. fxg7 e3 23. O-O Ne5 24. Nf3 Nxf3+ 25. Rxf3 Re5 26. Qg4 d4 27. Rf6 Qc5 28.
Qh5 Bd5 29. Bd3 Kxg7 30. Qh6+ Kg8 31. Bxh7+ Kh8 32. Bg6+ Kg8 33. Qh7+ Kf8 34.
Rxf7+ 1-0

[Event "55th Groningen Open 2017"]
[Site "Groningen NED"]
[Date "2017.12.29"]
[Round "8.1"]
[White "Turov, Maxim"]
[Black "Postny, Evgeny"]
[Result "1/2-1/2"]
[WhiteTitle "GM"]
[BlackTitle "GM"]
[WhiteElo "2618"]
[BlackElo "2581"]
[WhiteFideId "4120086"]
[BlackFideId "2804344"]
[EventDate "2017.12.22"]

1. Nf3 d5 2. g3 c6 3. Bg2 Bg4 4. O-O Nd7 5. h3 Bxf3 6. Bxf3 e6 7. d3 Ngf6 8. Nc3
Bb4 9. Bd2 d4 10. Ne4 Bxd2 11. Nxd2 O-O 12. c3 e5 13. Nb3 dxc3 14. bxc3 Re8 15.
Bg2 e4 16. Qc2 exd3 17. exd3 Qc7 18. Rfe1 Rad8 19. d4 g6 20. Qb2 b6 21. Qa3 Kg7
22. Qa4 c5 23. Qc6 1/2-1/2

[Event "55th Groningen Open 2017"]
[Site "Groningen NED"]
[Date "2017.12.29"]
[Round "8.2"]
[White "Plat, Vojtech"]
[Black "Bok, Benjamin"]
[Result "0-1"]
[WhiteTitle "GM"]
[BlackTitle "GM"]
[WhiteElo "2567"]
[BlackElo "2601"]
[WhiteFideId "325740"]
[BlackFideId "1017063"]
[EventDate "2017.12.22"]

1. Nf3 d5 2. d4 Nf6 3. c4 e6 4. Nc3 c6 5. e3 Nbd7 6. Qc2 Bd6 7. Bd3 O-O 8. O-O
dxc4 9. Bxc4 b5 10. Bd3 Bb7 11. Nd2 Qb8 12. h3 Rc8 13. Nde4 Be7 14. Nxf6+ Nxf6
15. Ne4 Nxe4 16. Bxe4 h6 17. a4 c5 18. Bxb7 Qxb7 19. axb5 cxd4 20. Qd3 Rc5 21.
Qxd4 Rxb5 22. Qa4 Bf6 23. Rd1 a5 24. Rd3 Bxb2 25. Bxb2 Rxb2 26. Qd1 Qe7 27. Rda3
Qf6 28. Qe1 Rd8 29. Rb1 Rxb1 30. Qxb1 Rd2 31. Qb8+ Kh7 32. Qb1+ g6 33. Qe1 Qd8
34. Ra1 Qd5 35. Qc1 Ra2 36. e4 Rxa1 37. Qxa1 Qc5 38. Qf6 Kg8 39. e5 Qc1+ 40. Kh2
Qg5 0-1

[Event "55th Groningen Open 2017"]
[Site "Groningen NED"]
[Date "2017.12.29"]
[Round "8.3"]
[White "Pruijssers, Roeland"]
[Black "Kislinsky, Alexey"]
[Result "1/2-1/2"]
[WhiteTitle "GM"]
[BlackTitle "GM"]
[WhiteElo "2543"]
[BlackElo "2513"]
[WhiteFideId "1013068"]
[BlackFideId "14108801"]
[EventDate "2017.12.22"]

1. e4 c5 2. Nf3 g6 3. d4 Bg7 4. dxc5 Qa5+ 5. c3 Qxc5 6. Na3 Nf6 7. Nb5 b6 8. e5
Ng4 9. Qd4 Nxe5 10. Qxc5 Nxf3+ 11. gxf3 bxc5 12. Nc7+ Kd8 13. Nxa8 Bb7 14. Be3
d6 15. Be2 Bxa8 16. h4 h5 17. O-O-O Nd7 18. Rhg1 Kc7 19. f4 Bf6 20. f5 gxf5 21.
Bg5 f4 22. Bxf4 Bxh4 23. Rg7 f5 24. Bg5 Bxg5+ 25. Rxg5 h4 26. Rxf5 Ne5 27. f3 h3
28. Rh1 h2 29. Kd1 Rh3 30. Rf8 Bc6 31. c4 Nxf3 32. Bxf3 Bxf3+ 33. Rxf3 Rxf3 34.
Rxh2 a5 35. a4 Rf4 36. b3 Rf3 37. Kc2 Rf8 38. Rh3 Kd7 39. Kd3 Rb8 40. Kc3 Re8
41. Kd3 Ke6 42. Re3+ Kd7 43. Rh3 Kc6 44. Re3 Kd7 1/2-1/2

[Event "55th Groningen Open 2017"]
[Site "Groningen NED"]
[Date "2017.12.29"]
[Round "8.4"]
[White "Kuipers, Stefan"]
[Black "Anurag, Mhamal"]
[Result "1-0"]
[WhiteTitle "IM"]
[BlackTitle "GM"]
[WhiteElo "2440"]
[BlackElo "2488"]
[WhiteFideId "1018400"]
[BlackFideId "5024366"]
[EventDate "2017.12.22"]

1. e4 e5 2. Nf3 Nc6 3. Bc4 Nf6 4. d3 Bc5 5. c3 a6 6. O-O Ba7 7. Bg5 h6 8. Bh4 d6
9. Nbd2 Bg4 10. h3 Bd7 11. a4 Qe7 12. d4 O-O-O 13. dxe5 dxe5 14. Bd5 g5 15. Bg3
Nh5 16. Kh2 Nf4 17. b4 Nb8 18. b5 f5 19. Bxf4 exf4 20. Qb3 a5 21. exf5 g4 22.
hxg4 Qg7 23. Nh4 Qxg4 24. Ndf3 Rhe8 25. f6 Re2 26. Ra2 Rxa2 27. Qxa2 c6 28. Qc4
Rf8 29. f7 Kd8 30. bxc6 bxc6 31. Be4 Be6 32. Rd1+ Kc7 33. Qd3 Bc5 34. Ng6 Bxf2
35. Qd6+ 1-0

[Event "55th Groningen Open 2017"]
[Site "Groningen NED"]
[Date "2017.12.29"]
[Round "8.5"]
[White "Tiviakov, Sergei"]
[Black "Ernst, Sipke"]
[Result "1-0"]
[WhiteTitle "GM"]
[BlackTitle "GM"]
[WhiteElo "2583"]
[BlackElo "2532"]
[WhiteFideId "1008013"]
[BlackFideId "1004689"]
[EventDate "2017.12.22"]

1. e4 e5 2. Nf3 Nc6 3. Bb5 a6 4. Ba4 Nf6 5. d3 d6 6. c4 g6 7. Nc3 Bg7 8. Nd5 Nd7
9. Bg5 f6 10. Be3 Nc5 11. Bxc5 dxc5 12. Bxc6+ bxc6 13. Nc3 Qd6 14. h3 h5 15. Qa4
Bh6 16. Rd1 Rb8 17. b3 O-O 18. Qa5 Rd8 19. Na4 Bf8 20. Qd2 Be6 21. Qe3 Rb4 22.
O-O Rd7 23. Rfe1 Kh7 24. Nh2 Rb8 25. Nf1 Qe7 26. Qf3 Bh6 27. Ne3 Rbd8 28. Qe2
Rd4 29. Kf1 Bg5 30. Nc2 R4d7 31. Ne3 Kh6 32. Kg1 Kh7 33. Qc2 Bf4 34. Qc3 f5 35.
exf5 gxf5 36. g3 Rg8 37. Ng2 Rd4 38. Re2 Bxg3 39. fxg3 Rxg3 40. Qe1 Qg5 41. Nxc5
Bc8 42. Rdd2 e4 43. Re3 h4 44. b4 Rd6 45. Rf2 Rg6 46. Rxg3 Qxg3 47. Qf1 Qxh3 48.
dxe4 Qe3 49. Qd3 f4 50. e5 Qxe5 51. Re2 Qf6 52. Nd7 Qg5 53. Nf8+ 1-0

[Event "55th Groningen Open 2017"]
[Site "Groningen NED"]
[Date "2017.12.29"]
[Round "8.6"]
[White "Kryakvin, Dmitry"]
[Black "Kathmale, Sameer"]
[Result "1-0"]
[WhiteTitle "GM"]
[BlackTitle "IM"]
[WhiteElo "2580"]
[BlackElo "2264"]
[WhiteFideId "4153278"]
[BlackFideId "5024498"]
[EventDate "2017.12.22"]

1. c4 c6 2. Nf3 d5 3. e3 e6 4. d4 Bd6 5. Bd3 f5 6. O-O Nf6 7. b3 Qe7 8. Bb2 O-O
9. Qc1 Na6 10. c5 Bc7 11. Bxa6 bxa6 12. Ne5 Ng4 13. Nd2 Rf6 14. h3 Rh6 15. hxg4
Bxe5 16. dxe5 Qh4 17. f3 a5 18. g5 Qh2+ 19. Kf2 Qh4+ 20. Ke2 Ba6+ 21. Kd1 Qxg5
22. Re1 f4 23. Bd4 Qxg2 24. Qc3 Rh2 25. exf4 Rf8 26. Qe3 Qg3 27. Kc2 Rxf4 28.
Kc3 Qg6 29. Rg1 Qf5 30. Rg4 Rxd2 31. Kxd2 Rxf3 32. Rag1 g6 33. Qe1 a4 34. Qh4
Qd3+ 35. Kc1 a3 36. Rf4 Rxf4 37. Qxf4 Qe2 38. Qd2 Qf3 39. Qg5 Qe2 40. Qd8+ Kf7
41. Qf6+ Kg8 42. Qxe6+ Kf8 43. Qf6+ Ke8 44. e6 1-0

[Event "55th Groningen Open 2017"]
[Site "Groningen NED"]
[Date "2017.12.29"]
[Round "8.7"]
[White "Warmerdam, Max"]
[Black "Rahul, Srivatshav P"]
[Result "1/2-1/2"]
[WhiteTitle "FM"]
[WhiteElo "2356"]
[BlackElo "2331"]
[WhiteFideId "1048104"]
[BlackFideId "25059653"]
[EventDate "2017.12.22"]

1. d4 Nf6 2. c4 g6 3. Nc3 Bg7 4. e4 d6 5. h3 O-O 6. Be3 Na6 7. g4 e5 8. d5 c6 9.
Qd2 cxd5 10. cxd5 Nc5 11. f3 Ne8 12. O-O-O Qa5 13. Kb1 f5 14. Nb5 Qxd2 15. Rxd2
b6 16. Bg2 fxe4 17. fxe4 Ba6 18. Nc3 Rc8 19. Nge2 Nc7 20. Rhd1 Nb5 21. Nxb5 Bxb5
22. Nc3 Ba6 23. g5 Rc7 24. h4 Kf7 25. Bf1 Bxf1 26. Rxf1+ Ke7 27. Rxf8 Bxf8 28.
Bxc5 bxc5 29. Rf2 Bg7 30. Kc2 h6 31. b3 Rb7 32. a3 Rb8 33. Rg2 hxg5 34. Rxg5 Kf6
35. Rg4 Bh6 36. Ne2 Rh8 37. Kd3 Rb8 38. Kc4 Bd2 39. Ng3 Rh8 40. Kb5 Rb8+ 41. Kc4
Rh8 42. Kb5 Rb8+ 1/2-1/2

[Event "55th Groningen Open 2017"]
[Site "Groningen NED"]
[Date "2017.12.29"]
[Round "8.8"]
[White "Beerdsen, Thomas"]
[Black "Lubbe, Nikolas"]
[Result "1-0"]
[WhiteTitle "IM"]
[BlackTitle "IM"]
[WhiteElo "2419"]
[BlackElo "2474"]
[WhiteFideId "1030108"]
[BlackFideId "4694031"]
[EventDate "2017.12.22"]

1. e4 c5 2. Nf3 d6 3. d4 cxd4 4. Nxd4 Nf6 5. Nc3 Nc6 6. Bg5 e6 7. Qd2 a6 8.
O-O-O Bd7 9. f3 b5 10. Kb1 Be7 11. h4 Nxd4 12. Qxd4 Qc7 13. g4 h6 14. Be3 Rc8
15. a3 Rb8 16. Rg1 a5 17. g5 b4 18. axb4 Rxb4 19. Qd2 Nh5 20. Bd4 O-O 21. Na2
Rbb8 22. gxh6 g6 23. f4 e5 24. Be3 Qb7 25. b3 exf4 26. Bd4 Be6 27. Bd3 a4 28. b4
d5 29. exd5 Qxd5 30. h7+ Kxh7 31. c4 Qb7 32. Qe2 f3 33. Qe5 Bf5 34. Qxf5 gxf5
35. Bxf5+ Kh6 36. Be3+ Nf4 37. Bxf4+ Kh5 38. Rg7 Qxb4+ 39. Nxb4 Rxb4+ 40. Ka2
Rb2+ 41. Ka1 1-0

[Event "55th Groningen Open 2017"]
[Site "Groningen NED"]
[Date "2017.12.29"]
[Round "8.9"]
[White "Van Foreest, Lucas"]
[Black "Schippers, Maurice"]
[Result "1/2-1/2"]
[WhiteTitle "IM"]
[WhiteElo "2481"]
[BlackElo "2302"]
[WhiteFideId "1039792"]
[BlackFideId "1004735"]
[EventDate "2017.12.22"]

1. e4 c5 2. Nf3 g6 3. d4 cxd4 4. Qxd4 Nf6 5. Nc3 Nc6 6. Qa4 d6 7. e5 dxe5 8.
Nxe5 Bg7 9. Nxc6 bxc6 10. Qxc6+ Bd7 11. Qa6 O-O 12. Be2 Bf5 13. Bf3 Rb8 14. Qxa7
Bxc2 15. O-O e5 16. Be3 e4 17. Be2 Rxb2 18. Bc5 Qa8 19. Qa3 1/2-1/2